000 01050nam a22003257a 4500
003 CHAP
005 20220329141559.0
008 971013s1980 r 00010 d
010 _a70456
011 _a71428
035 _a80982
040 _cCHAP
082 _a632.58
_bC43 1980
100 0 0 _aChapman, Valentine Jackson.
_921936
245 _aSeaweeds and their uses
250 _a3 ed.
260 _aLondon :
_bChapman and Hall,
_c1980
300 _a334 p.
_b: ilus.
590 _aBATCH-UPD
_b10
_c20130110
_lUCH01
_h0741
590 _aBATCH-UPD
_b10
_c20130110
_lUCH01
_h2346
590 _aBATCH-UPD
_b10
_c20130410
_lUCH01
_h0422
590 _aBATCH-UPD
_b10
_c20130914
_lUCH01
_h0918
590 _aCONVERSION
_b10
_c20130109
_lUCH01
_h1339
650 1 4 _aMalas hierbas acuáticas.
_970050
700 0 _aChapman, D. J.
_921909
901 _aBK
942 _cLIBRO
949 _a632.58 C43 1980
_bBC
_cLIBRO
_d33724000178422
_eLIBRO
_h52713
_i80982
_si
_t127.40
949 _a632.58 C43 1980
_bBC
_cLIBRO
_d33724000178430
_eLIBRO
_fc.2
_h52714
_i80982
_si
_t127.40
999 _c70456
_d70456